| 000 | 01462nam a2200325 a 4500 | ||
|---|---|---|---|
| 001 | 000000351 | ||
| 003 | DO-SdBNP | ||
| 005 | 20230428112531.0 | ||
| 007 | 000000351 | ||
| 008 | 081204s2009 dr a 001 0 spa d | ||
| 020 | _a9789993456117 | ||
| 040 |
_aBPMSU _bspa _cBPMSU |
||
| 049 |
_a _c |
||
| 082 | 4 |
_aRD861.5 _bG146L 2007 _222 |
|
| 100 | 1 | _aGalán, Bismar | |
| 245 | 1 | 0 |
_aLuna de plata / _cBismar Galán. |
| 250 | _a2a. ed. | ||
| 260 |
_aSanto Domingo : _bNorma, _c2009 |
||
| 300 |
_a46 p. : _bil. ; _c19 cm. |
||
| 440 | 0 | _aTorre de Papel Naranja | |
| 500 | _aIncluye datos biográficos del autor en la contracubierta | ||
| 505 | 0 |
_tDedicatoria -- _tAbuelo dime por qué -- _tNido -- _tDice abuela -- _tCoqueta -- _tEn la ventana -- _tDibujo -- _tPiloto -- _tJuego de noche -- _tPrimavera -- _tLa lluvia -- _tMúsica -- _tDanza -- _tAlegría -- _tArcoiris -- _tCuando la lluvia se esconde -- _tDaniela quiere saber -- _tHermanito, dilo tú -- _tMariposa -- _tConversación -- _tPayaso -- _tVisita -- _tRonda -- _tBola de cristal -- _tHay un conejo en la luna -- _tHojas-peces -- _tLibertad -- _tÁngeles -- _tAllá, donde el sol se duerme -- _tPapalote -- _tHumo -- _tSueño -- _tEscarabajo -- _tManzanas de oro -- _tAbuelo va a regresar. |
|
| 650 | 4 | _aPoesía infantil cubana | |
| 650 | 4 | _aLiteratura infantil cubana | |
| 910 | _aVMateo V. Control de calidad (BPMSU) | ||
| 930 | 1 |
_l _m _8 _f _p |
|
| 930 | 1 |
_l _m _8 _f _p _h |
|
| 942 |
_2ddc _cBK |
||
| 956 |
_a _b _c _l _h |
||
| 999 |
_c7431 _d7431 |
||